National Assembly Library of Thailand

จากหมอประเวศถึงทักษิณ 2544-2549 / (ระเบียนเลขที่ 50698)

รายละเอียดในรูปแบบ MARC
000 -LEADER
fixed length control field 00843nam a22002057a 4500
005 - DATE AND TIME OF LATEST TRANSACTION
control field 20210325200704.0
008 - FIXED-LENGTH DATA ELEMENTS--GENERAL INFORMATION
fixed length control field s2549 th tha d
020 ## - INTERNATIONAL STANDARD BOOK NUMBER
International Standard Book Number 9743238263
040 ## - CATALOGING SOURCE
Original cataloging agency NALT
041 ## - LANGUAGE CODE
Language code of text/sound track or separate title tha
050 ## - LIBRARY OF CONGRESS CALL NUMBER
Classification number JQ1745.A5
Item number ป384จ 2549
100 0# - MAIN ENTRY--PERSONAL NAME
Personal name ประเวศ วะสี
245 10 - TITLE STATEMENT
Title จากหมอประเวศถึงทักษิณ 2544-2549 /
Statement of responsibility, etc. ประเวศ วะสี
260 ## - PUBLICATION, DISTRIBUTION, ETC.
Place of publication, distribution, etc. กรุงเทพฯ :
Name of publisher, distributor, etc. มติชน,
Date of publication, distribution, etc. 2549
300 ## - PHYSICAL DESCRIPTION
Extent 214 หน้า :
Other physical details ภาพประกอบ ;
Dimensions 21 ซม.
650 04 - SUBJECT ADDED ENTRY--TOPICAL TERM
Topical term or geographic name entry element ทักษิณ ชินวัตร -- ผลงาน -- วิจารณ์
650 04 - SUBJECT ADDED ENTRY--TOPICAL TERM
Topical term or geographic name entry element ไทย -- การเมืองและการปกครอง -- 2544--2549 -- วิจารณ์
850 ## - HOLDING INSTITUTION
Holding institution NALT
942 ## - ADDED ENTRY ELEMENTS (KOHA)
Koha item type General Book
Source of classification or shelving scheme Library of Congress Classification
รายการที่มีในห้องสมุด
Withdrawn status Lost status Damaged status Not for loan Collection code Home library Current library Shelving location Cost, normal purchase price Total Checkouts Full call number Barcode Date last seen Copy number Cost, replacement price Price effective from Koha item type Source of classification or shelving scheme Date acquired
      Not for Loan General Book collection National Assembly Library of Thailand National Assembly Library of Thailand Parliament Building 2 150.00   JQ 1745.A5 ป384จ 2549 3961165325 09/06/2017 ฉ. 3 200.00 09/06/2017 General Book    
      Not for Loan General Book collection National Assembly Library of Thailand National Assembly Library of Thailand Parliament Building 2 150.00   JQ 1745.A5 ป384จ 2549 3961165324 09/06/2017 ฉ. 2 200.00 09/06/2017 General Book    
      Not for Loan General Book collection National Assembly Library of Thailand National Assembly Library of Thailand Parliament Building 2 150.00   JQ 1745.A5 ป384จ 2549 3961165323 09/06/2017 ฉ. 1 200.00 09/06/2017 General Book    
        Senate National Assembly Library of Thailand National Assembly Library of Thailand General Book shelves     JQ 1745.A5 ป384จ 2549 0100010899001 16/09/2022     23/03/2022 General Book Library of Congress Classification 23/03/2022
หอสมุดรัฐสภา
สำนักงานเลขาธิการสภาผู้แทนราษฎร เลขที่ 1111 ถนนสามเสน แขวงถนนนครไชยศรี เขตดุสิต กรุงเทพฯ 10300
The Secretariat of the House of Representatives 1111 Samsen Road, Thanon Nakhon Chai Si, Dusit, Bangkok 10300, THAILAND
โทรศัพท์: +66(0) 2242 5900 ต่อ 5714-5 โทรสาร: +66(0) 2242 5990 อีเมล: [email protected]